00576nam a22001577a 4500003000500000005001700005008004100022020001500063040000600078082001600084100005700100245009500157260003900252300001300291650011400304CEME20210628203054.0210201b xxu||||| |||| 00| 0 eng d a1563271869 c. a658.314 KAI aJapan Human Relations Association , Grazier, Peter.B aKaizen teian 1 , developing systems for continuous improvement throgh emoloyee suggestions aNEW YORKbPRODUCTIVITY PRESSc1992 aXVI,201P aSUGGESTIONS SYSTEMS.KAIZEN TEIAN 1. DEVELOPING SYSTEMS FOR CONTINUOUS IMPROVEMENT THROGH EMOLOYEE SUGGESTIONS